Catalog

Record Details

Catalog Search



Available copies

  • 2 of 2 copies available at LARL/NWRL Consortium.
  • 2 of 2 copies available at Lake Agassiz Regional Library. (Show preferred library)

Current holds

0 current holds with 2 total copies.

Show All Copies
Location Call Number / Copy Notes Barcode Shelving Location Status Due Date
Crookston Public Library SF ALW (Text) 33500014357685 New Available -
Detroit Lakes Public Library SF ALW (Text) 33500014357693 New Available -

Record details

  • ISBN: 9780593982570
  • ISBN: 0593982576
  • Physical Description: 452 pages ; 25 cm
  • Edition: First edition.
  • Publisher: New York : Del Rey, an imprint of Random House, [2026]

Content descriptions

Summary, etc.:
"Three years ago, Leena Al-Sayer awoke with a ... Read More
Subject: Extrasensory perception > Fiction.
Ghosts > Fiction.
Secrecy > Fiction.
Man-woman relationships > Fiction.
Siblings > Fiction.
Terminally ill > Fiction.
Genre: Horror fiction.
Paranormal fiction.
Fantasy fiction.
Gothic fiction.
Romance fiction.
Paranormal fiction.
LDR 02824cam a2200517 i 4500
001482755
003LARL_NWRL_CONSORTIUM
00520260406142113.0
008250601t20262026nyu e 000 1 eng d
040 . ‡aYDX ‡beng ‡erda ‡cYDX ‡dOCLCO ‡dBDX ‡dIG# ‡dOCLCQ ‡dHQD ‡dOCLCO ‡dHBP ‡dTH8 ‡dIDW ‡dJAS ‡dRNL ‡dMLSOD ‡dOCLCO ‡dCLE ‡dZGR
020 . ‡a9780593982570 ‡q(hardcover)
020 . ‡a0593982576 ‡q(hardcover)
035 . ‡a(OCoLC)1521465893
08204. ‡a813.54 ‡223
1001 . ‡aAl-Wasity, Heba, ‡eauthor.
24510. ‡aWeavingshaw / ‡cHeba Al-Wasity.
250 . ‡aFirst edition.
264 1. ‡aNew York : ‡bDel Rey, an imprint of Random House, ‡c[2026]
264 4. ‡c©2026
300 . ‡a452 pages ; ‡c25 cm
336 . ‡atext ‡btxt ‡2rdacontent
337 . ‡aunmediated ‡bn ‡2rdamedia
338 . ‡avolume ‡bnc ‡2rdacarrier
520 . ‡a"Three years ago, Leena Al-Sayer awoke with a terrible power. Since then, she has hidden herself away from the world. When her beloved brother, Rami, falls fatally ill, Leena is faced with a terrible choice: Let him die or buy the expensive medicine that will save his life by bartering the only valuable thing she has--her secret. The Saint of Silence, a ruthless merchant who trades in confessions and is shrouded in unearthly rumors of cruelty and power, accepts her bargain, for a deadly price. Leena must find the ghost of Percival Avon, the last lord of Weavingshaw--or lose her freedom to the Saint forever. Leena finds the estate and the surrounding moors to be living things--hungry for blood and sacrifice. Fighting against Weavingshaw's might, Leena must also fight her growing pull toward the enigmatic Saint himself. As the house begins to entomb them, Leena has come to see that here in Weavingshaw, the dead are not hushed--and some secrets are better left buried with them."-- ‡cProvided by publisher.
650 0. ‡aExtrasensory perception ‡vFiction.
650 0. ‡aGhosts ‡vFiction. ‡0(LARL_NWRL_CONSORTIUM)176019
650 0. ‡aSecrecy ‡vFiction. ‡0(LARL_NWRL_CONSORTIUM)167261
650 0. ‡aMan-woman relationships ‡vFiction. ‡0(LARL_NWRL_CONSORTIUM)165985
650 0. ‡aSiblings ‡vFiction.
650 0. ‡aTerminally ill ‡vFiction. ‡0(LARL_NWRL_CONSORTIUM)167693
655 0. ‡aHorror fiction.
655 0. ‡aParanormal fiction.
655 7. ‡aFantasy fiction. ‡2lcgft
655 7. ‡aGothic fiction. ‡2lcgft
655 7. ‡aRomance fiction. ‡2lcgft
655 7. ‡aParanormal fiction. ‡2lcgft
905 . ‡uvanderl
901 . ‡a482755 ‡bAUTOGEN ‡c482755 ‡tbiblio ‡soclc

Additional Resources